000 00638nam a2200241Ia 4500
003 OSt
005 20221007075639.0
006 a|||||r|||| 00| 0
007 ta
008 221006b |||||||| |||| 00| 0 eng d
024 _a5,153
037 _cTextual
040 _aFLL
_cFLL
_beng
041 _2eng
_aeng
082 _aZ2,83, NO
100 _aChowdhury Salil K.Roy Au.
_9683513
245 0 _aIndian stamp act
250 _a7th
260 _aNew Delhi
_bN.M. Tripathi private limited India
_c1990
300 _a479p
_ccm.
942 _hZ2,83, NO
_cTEXL
_2CC
999 _c1156863
_d1156863